[Event "GER-chT U12 Girls"]
[Site "Willingen"]
[Date "2022.08.14"]
[Round "3.4"]
[White "Marrufo, Leandra"]
[Black "Blome, Antonia"]
[Result "0-1"]
[WhiteElo "701"]
[BlackElo "823"]
[PlyCount "46"]
[EventDate "2022.08.13"]
[EventType "team-swiss"]
[EventRounds "7"]
[EventCountry "GER"]
[SourceTitle "EXT 2023"]
[Source "ChessBase"]
[SourceDate "2022.10.05"]
[SourceVersion "1"]
[SourceVersionDate "2022.10.05"]
[SourceQuality "1"]
[WhiteTeam "Werder Bremen"]
[BlackTeam "Hamburger SK"]
[WhiteTeamCountry "GER"]
[BlackTeamCountry "GER"]

1. e4 e5 2. Nf3 Nc6 3. Bc4 Bc5 4. d3 Nf6 5. Nc3 d6 6. h3 Be6 7. Bb3 h6 8. Be3 Bb6 9. Qe2 Nd4 10. Bxd4 exd4 11. Nd1 d5 12. exd5 Nxd5 13. Bxd5 Qxd5 14. c3 0-0 15. Qc2 Rfe8 16. 0-0 Rad8 17. c4 Qf5 18. Re1 Bd7 19. Rxe8+ Rxe8 20. Nh4 Re1+ 21. Kh2 Qe5+ 22. g3 Bc6 23. b4 Rh1# 0-1

[Event "GER-ch U10 Girls"]
[Site "Willingen"]
[Date "2021.08.29"]
[Round "11"]
[White "Marrufo, Leandra"]
[Black "Roessling, Laura Marie"]
[Result "0-1"]
[WhiteElo "755"]
[BlackElo "1094"]
[PlyCount "40"]
[EventDate "2021.08.22"]
[EventType "swiss"]
[EventRounds "11"]
[EventCountry "GER"]
[SourceTitle "EXT 2022"]
[Source "ChessBase"]
[SourceDate "2021.10.06"]
[SourceVersion "1"]
[SourceVersionDate "2021.10.06"]
[SourceQuality "1"]

1. e4 e5 2. Nf3 Nc6 3. Bc4 Bc5 4. Nc3 Nf6 5. d3 d6 6. h3 Na5 7. Bb3 Nxb3 8. axb3 h6 9. 0-0 0-0 10. Be3 Bb4 11. Ne2 d5 12. d4 dxe4 13. Nxe5 c6 14. c3 Bd6 15. Nf3 exf3 16. gxf3 Bxh3 17. Re1 Nd5 18. Bd2 Qf6 19. c4 Qg6+ 20. Kh1 Qg2# 0-1